000
00420nam a22001817a 4500
003
MPLRDC
005
20220104143745.0
008
210129b ||||| |||| 00| 0 eng d
082
_a
901 XHC
100
_a
徐恒醇
245
_a
技术美学原理
_c
250
_a
一版一刷
260
_a
_b
科学普及
_c
1987
300
_b
平
490
_a
新知识丛书
650
_a
艺术理论
942
_c
BK
_o
901 XHC
999
_c
43032
_d
43022